| 000 | 00553nam a2200217 a 4500 | ||
|---|---|---|---|
| 005 | 20140310183213.0 | ||
| 008 | 030426s19uu xx 00 eng d | ||
| 020 | _a18004947367 | ||
| 050 |
_aQA 76.9.D3 _b.M626 1997 |
||
| 245 |
_aMicrosoft Access 97 : _bIntermediate. |
||
| 250 | _aMOUS Version | ||
| 260 |
_aSES, Pub. : _bLakewood CO, _c1997. |
||
| 300 |
_a187 p. : _bill. ; _c26 cm. |
||
| 500 | _aW/ DISKETTE | ||
| 521 | _aIT | ||
| 650 | _aMicrosoft Access | ||
| 942 |
_cBK _2lcc _kFOR |
||
| 999 |
_c20190 _d20190 |
||